Lizzie goes wild / (Record no. 8008)

MARC details
000 -LEADER
fixed length control field 00964nam a22002657a 4500
001 - CONTROL NUMBER
control field 8008
003 - CONTROL NUMBER IDENTIFIER
control field FISKH
005 - DATE AND TIME OF LATEST TRANSACTION
control field 20250818154555.0
008 - FIXED-LENGTH DATA ELEMENTS--GENERAL INFORMATION
fixed length control field 250818b cb ||||| |||| 00| 0 eng d
020 ## - INTERNATIONAL STANDARD BOOK NUMBER
International Standard Book Number 725961004996
040 ## - CATALOGING SOURCE
Original cataloging agency FISKH
Language of cataloging eng
Transcribing agency FISKH
Modifying agency FISKH
050 ## - LIBRARY OF CONGRESS CALL NUMBER
Classification number PZ7.L323817 L
082 ## - DEWEY DECIMAL CLASSIFICATION NUMBER
Classification number 334
100 ## - MAIN ENTRY--PERSONAL NAME
Personal name Larsen, Kirsten
245 ## - TITLE STATEMENT
Title Lizzie goes wild /
Statement of responsibility, etc. Adapted by Kirsten Larsen : Based on the series created by Terri Minsky
260 ## - PUBLICATION, DISTRIBUTION, ETC.
Place of publication, distribution, etc. New York :
Name of publisher, distributor, etc. Disnep Press ,
Date of publication, distribution, etc. 2002.
300 ## - PHYSICAL DESCRIPTION
Extent 132 pages :
Other physical details illustrations ;
Dimensions 20 cm .
490 ## - SERIES STATEMENT
Series statement Lizzie McGuire
Volume/sequential designation 3
505 ## - FORMATTED CONTENTS NOTE
Formatted contents note K <br/><br/>
520 ## - SUMMARY, ETC.
Summary, etc. Everyone knows that Angel Lieberman is big-time trouble. That's why Lizzie stays as far away from her as possible. But when Lizzie and Angel get thrown into detention together, Lizzie realizes that Angel is misunderstood.
521 8# - TARGET AUDIENCE NOTE
Target audience note 510 <br/>
Source Lexile estimate <br/>
521 8# - TARGET AUDIENCE NOTE
Target audience note K <br/>
Source Raz-Plus <br/>
942 ## - ADDED ENTRY ELEMENTS (KOHA)
Source of classification or shelving scheme Dewey Decimal Classification
Koha item type Books
Suppress in OPAC No
Holdings
Withdrawn status Lost status Source of classification or shelving scheme Damaged status Not for loan Home library Current library Shelving location Date acquired Total Checkouts Full call number Barcode Date last seen Price effective from Koha item type
    Dewey Decimal Classification     Footprints International School Library Network Toul Tom Poung Campus Footprints International School Library Network Toul Tom Poung Campus TTP Primary Yellow Bookshelves 08/18/2025   LAR 334 PZ7.L323817 L FIS01164 08/18/2025 08/18/2025 Books